000 00438nam a2200145 a 4500
001 000030956
005 20200930062619.0
008 110608s1945 dr 000 0 spa d
040 _aDO-SdBNP
_bspa
_cBNPHU
100 1 _aReynoso G., Ulises
_957470
245 1 0 _aBreves apuntes de la vida de un patricio /
_cUlises Reynoso G.
260 _aSan Pedro de Macorís :
_bEditorial Leónidas,
_c1945.
300 _a81 p. ;
_c20 cm.
049 _aBNPD
999 _c30448
_d30448